Loading...
| Science - Physics | 0 | 7 | 2 | 1 | 60 | 31 | 40.00 | 3 | 7 | 0.00 | 0.00 |
| Science - Other | 0 | 7 | 2 | 0 | 60 | 7 | 51.57 | 4 | 6 | 0.00 | 0.00 |
| Science - Chemistry | 0 | 7 | 4 | 0 | 50 | 16 | 36.14 | 6 | 7 | 0.00 | 0.00 |
| Science - Biology | 0 | 5 | 3 | 0 | 35 | 21 | 35.80 | 2 | 5 | 0.00 | 0.00 |
| Social Science | 0 | 1 | 0 | 0 | 10 | 56 | 56.00 | 0 | 1 | 0.00 | 0.00 |
| Literature - European | 0 | 1 | 0 | 0 | 10 | 90 | 90.00 | 1 | 1 | 0.00 | 0.00 |
| Literature - World | 0 | 1 | 0 | 0 | 10 | 22 | 22.00 | 1 | 1 | 0.00 | 0.00 |
| Popular Culture | 0 | 1 | 0 | 0 | 10 | 52 | 52.00 | 0 | 1 | 0.00 | 0.00 |
| History - Other | 0 | 1 | 0 | 0 | 10 | 63 | 63.00 | 1 | 1 | 0.00 | 0.00 |
| Literature - American | 0 | 0 | 0 | 0 | 0 | 0.00 | 0 | 0 | 0.00 | 0.00 |